World Capitals Containing the Letter B - Statistics

General Stats
  • This quiz has been taken 3,907 times
  • The average score is 41 of 51
Answer Stats
Capital % Correct
South America Brasilia
94%
Europe Bucharest
94%
South America Bogota
93%
Europe Budapest
93%
Europe Berlin
92%
Asia Bangkok
91%
Asia Beijing
91%
Europe Brussels
91%
Asia Baghdad
90%
Europe Bern
90%
Europe Bratislava
90%
South America Buenos Aires
90%
Africa Bamako
88%
Asia Beirut
88%
North America Belmopan
88%
Asia Bishkek
87%
North America Bridgetown
87%
Asia Baku
86%
Asia Bandar Seri Begawan
86%
Europe Belgrade
86%
Africa Banjul
85%
Africa Brazzaville
85%
Africa Bangui
84%
Oceania Canberra
84%
North America Basseterre
83%
Europe Dublin
81%
Europe Lisbon
80%
Asia Islamabad
79%
Europe Zagreb
79%
Asia Abu Dhabi
78%
Africa Bissau
78%
Africa Abuja
77%
Africa Bloemfontein
75%
Africa Juba
75%
Africa Rabat
75%
Asia Tbilisi
75%
Europe Ljubljana
74%
Oceania Port Moresby
74%
Africa Addis Ababa
73%
Asia Dushanbe
73%
Africa Gaborone
73%
Asia Kabul
73%
Africa Malabo
73%
Europe Luxembourg
72%
South America Paramaribo
72%
Asia Ulaanbaatar
72%
Asia Ashgabat
69%
Africa Mbabane
69%
Africa Libreville
68%
Africa Nairobi
67%
Africa Djibouti
66%
No matching quizzes found
Score Distribution
Percent of People with Each Score
Percentile by Number Answered
Your Score History
You have not taken this quiz